00331nam a2200109 a 4500008004100000020001500041050001600056100001900072245008200091260003900173350000900212120416s2001 ||||||||||||||||| || u a0074638211 aHF 5694 Sah aSaha, Suranjan10aQuantitative methods: problems and solutions for CWA intermediate examination aNew Delhi:bTata McGraw-Hillc2001 a0.00